|
|
|
|
| LEADER |
00000cam a2200000 a 4500 |
| 001 |
vtls008434728 |
| 003 |
SK-MaSNL |
| 005 |
20260302074916.0 |
| 008 |
251124s2007 xr hoa g h 000 0bcze |
| 020 |
|
|
|a 9788020014641
|q (brož.)
|
| 040 |
|
|
|a SNK
|b slo
|c SNK
|e AACR2
|
| 041 |
1 |
|
|a cze
|h ger
|
| 043 |
|
|
|a e------
|a e-rb---
|
| 044 |
|
|
|a xr
|c CZ
|
| 072 |
|
7 |
|a 00
|x Veda. Všeobecnosti. Základy vedy a kultúry. Vedecká práca
|2 konspekt
|
| 072 |
|
7 |
|a 929
|x Biografie
|2 konspekt
|
| 080 |
|
|
|a 001-055.2
|2 2001
|
| 080 |
|
|
|a 929
|2 2001
|
| 080 |
|
|
|a (497.11)
|2 2001
|
| 080 |
|
|
|a (4)
|2 2001
|
| 080 |
|
|
|a 001:316.3
|2 2001
|
| 080 |
|
|
|a (092)
|2 2001
|
| 080 |
|
|
|a 001-051-058.833
|2 2001
|
| 100 |
1 |
|
|a Djurić-Trbuhović, Desanka,
|d 1897-1983
|4 aut
|9 741072
|
| 240 |
1 |
0 |
|a Im Schatten Albert Einsteins
|l Česky
|
| 245 |
1 |
0 |
|a Ve stínu Alberta Einsteina
|b tragický život Milevy Einsteinové-Marićové
|c Desanka Trbuhovićová-Gjurićová ; [z německého originálu přeložila Jana Zoubková]
|
| 246 |
3 |
0 |
|a Tragický život Milevy Einsteinové-Marićové
|
| 250 |
|
|
|a Vyd. 1.
|
| 260 |
|
|
|a Praha
|b Academia
|c 2007
|
| 300 |
|
|
|a 173 s.
|b faks., fotogr., ilustr.
|c 22 cm
|
| 490 |
1 |
|
|a Žena a věda
|v sv. 2
|
| 600 |
1 |
7 |
|a Einstein-Marić, Mileva,
|d 1875-1948
|2 SNK
|9 228963
|
| 600 |
1 |
7 |
|a Einstein, Albert,
|d 1879-1955
|2 SNKMA
|9 118194
|
| 648 |
|
7 |
|a 19.-20. storočie
|2 SNK
|9 279491
|
| 648 |
|
7 |
|a 19th-20th centuries
|2 SNKPHeng
|9 282960
|
| 650 |
0 |
7 |
|a ženy vo vede
|2 SNKPH
|9 88343
|
| 650 |
0 |
7 |
|a veda a spoločnosť
|2 SNKPH
|9 66939
|
| 650 |
0 |
7 |
|a vedkyne
|2 SNKPH
|9 125858
|
| 650 |
0 |
7 |
|a manželky vedcov
|2 SNKPH
|9 135664
|
| 650 |
0 |
7 |
|a Women scientists
|2 SNKPHeng
|9 362584
|
| 650 |
0 |
7 |
|a Scientists' spouses
|2 SNKPHeng
|9 668170
|
| 650 |
0 |
7 |
|a Women in science
|2 SNKPHeng
|9 319227
|
| 650 |
0 |
7 |
|a Science and civilization
|2 SNKPHeng
|9 319228
|
| 651 |
|
7 |
|a Európa
|2 SNKPHgeo
|9 167569
|
| 651 |
|
7 |
|a Europe
|2 SNKPHeng
|9 56249
|
| 651 |
|
7 |
|a Serbia
|2 SNKPHeng
|9 270902
|
| 651 |
|
7 |
|a Srbsko
|2 SNKPHgeo
|9 31535
|
| 655 |
|
7 |
|a biografie
|2 SNKPH
|9 27965
|
| 655 |
|
7 |
|a Biography
|2 SNKPHeng
|9 266314
|
| 700 |
1 |
|
|a Zoubková, Jana
|4 trl
|9 741073
|
| 830 |
|
0 |
|a Žena a věda
|9 319230
|
| 919 |
|
|
|a 978-80-200-1464-1
|
| 999 |
|
|
|c 1167034
|d 1168964
|
| 952 |
|
|
|t snkEIN 001:929
|a SNKUST
|b SNKUST
|y PREZ
|7 0
|p 17A0675380
|o snkIC 139129
|i snk2010/22964
|8 2
|g 9.83
|0 0
|1 0
|4 0
|d 2010-07-21
|l 0
|r 2025-03-19 00:00:00
|w 2026-02-24
|